Chapman Library

Voices of Authority (Record no. 4239)

000 -LEADER
fixed length control field 00310nam a22001217a 4500
020 ## - INTERNATIONAL STANDARD BOOK NUMBER
ISBN N/A
050 ## - LIBRARY OF CONGRESS CALL NUMBER
Classification number BT 88 las
100 ## - MAIN ENTRY--AUTHOR NAME
Personal name LASH, Nicholas
245 ## - TITLE STATEMENT
Title Voices of Authority
260 ## - PUBLICATION, DISTRIBUTION, ETC. (IMPRINT)
Place of publication Shepherdstown, West Virginia
Name of publisher Patmos Press
Year of publication 1976
300 ## - PHYSICAL DESCRIPTION
Number of Pages 119p.; includes bibliographical references
942 ## - ADDED ENTRY ELEMENTS (KOHA)
Koha item type Books
Holdings
Koha item type Collection code Shelving location Accession Number Permanent Location Current Location Date acquired Full call number
BooksLendingLending6474Chapman LibraryChapman Library2018-01-29BT 88 las


CSUC Chapman Library is a Koha Automated Library.


Contact us: library@csuc.edu.gh.